| Tag |
First Indicator |
Second Indicator |
Subfields |
| LEADER |
00000cam a2200000 4500 |
| 001 |
in00000032948 |
| 005 |
20151007063258.0 |
| 008 |
720711s1949 nyua 00000 eng u |
| 010 |
|
|
|a 50002124
|
| 035 |
|
|
|a (OCoLC)00352840
|
| 035 |
|
|
|9 AAD6996AM
|
| 040 |
|
|
|c WSU
|d TXA
|d UtOrBLW
|
| 049 |
|
|
|a TXAM
|c [180591]
|
| 050 |
|
0 |
|a PR2890
|b .H6
|
| 092 |
|
|
|a 822.33
|b EH833
|
| 100 |
1 |
|
|a Hotson, Leslie,
|d 1897-1992.
|
| 245 |
1 |
0 |
|a Shakespeare's sonnets dated, and other essays.
|
| 264 |
|
1 |
|a New York :
|b Oxford University Press,
|c 1949.
|
| 300 |
|
|
|a ix, 244 pages :
|b illustrations ;
|c 23 cm.
|
| 336 |
|
|
|a text
|b txt
|2 rdacontent
|
| 337 |
|
|
|a unmediated
|b n
|2 rdamedia
|
| 338 |
|
|
|a volume
|b nc
|2 rdacarrier
|
| 600 |
1 |
0 |
|a Shakespeare, William,
|d 1564-1616
|x Criticism and interpretation.
|
| 600 |
1 |
0 |
|a Shakespeare, William,
|d 1564-1616.
|t Sonnets.
|
| 999 |
|
|
|a MARS
|
| 999 |
f |
f |
|s e40d7a97-b957-3a2a-8552-ed80f9fda59c
|i 6231cdb6-b040-3487-a7b7-5ea1edf5c836
|t 0
|
| 952 |
f |
f |
|p normal
|a Texas A&M University
|b College Station
|c Sterling C. Evans Library
|d Evans: Library Stacks
|t 0
|e PR2890 .H6
|h Library of Congress classification
|i unmediated -- volume
|m A14801307533
|
| 998 |
f |
f |
|a PR2890 .H6
|t 0
|l Evans: Library Stacks
|